Conclusiones y recomendaciones

Presenta las conclusiones y recomendaciones del primer Seminario Nacional de Salud en la Comunidad, celebrado en Noviembre de 1975 en la Universidad Nacional Autónoma de Nicaragua, en colaboración con el CSUCA - Expone los objetivos del seminario y los organismos participantes . Da a conocer las con...

ver descrição completa

Na minha lista:
Detalhes bibliográficos
Autor Corporativo: Univesidad Nacional Autónoma de Nicaragua
Formato: Texto
Publicado em: León: UNAN
Tags: Adicionar Tag
Sem tags, seja o primeiro a adicionar uma tag!

MARC

LEADER 00000 a a2200000 04500
001 20695
003
040
090 |a 087800  
110 |a Univesidad Nacional Autónoma de Nicaragua  
245 |a Conclusiones y recomendaciones  
260 |a León:   |b UNAN  
300 |a 15 p.  
520 |a Presenta las conclusiones y recomendaciones del primer Seminario Nacional de Salud en la Comunidad, celebrado en Noviembre de 1975 en la Universidad Nacional Autónoma de Nicaragua, en colaboración con el CSUCA - Expone los objetivos del seminario y los organismos participantes . Da a conocer las conclusiones que derivaron de esta reunión y destaca que las ciencias sociales se relacionan con las ciencias de la salud. Incluye recomendaciones, dentro de las que se propone que se integren las ciencias sociales a los diversos "Penso" de las escuelas de salud, de tal forma que permitan al estudiante conocer, analizar e interpretar la realidad en que se halla inserto y la forma como se encuentra determinada por aquellos factores (sociales)  
999 |c 15310  |d 15310